| 000 | 00387nam a2200169Ia 4500 | ||
|---|---|---|---|
| 001 | 19107 | ||
| 003 | IN-NITTTR | ||
| 005 | 20251114233221.0 | ||
| 008 | 251113s9999||||xx |||||||||||||| ||eng|| | ||
| 040 | _beng | ||
| 040 | _cIN-NITTTR | ||
| 041 | _aeng | ||
| 082 | _a526.3 C547P | ||
| 100 | _aClark, David | ||
| 245 | 0 |
_aPlane and geodetic surveying. / _cClark, David |
|
| 942 |
_2ddc _cBK |
||
| 999 |
_c21741 _d21741 |
||